| 000 | 00718nam a22002177a 4500 | ||
|---|---|---|---|
| 999 |
_c13867 _d13867 |
||
| 003 | AR-CdUCM | ||
| 008 | 190416b ||||| |||| 00| 0 spa d | ||
| 040 |
_aMUNICIPALIDAD PROVINCIAL DEL CUSCO _cBIBLIOTECA MUNICIPAL DEL CUSCO |
||
| 082 |
_a335.880 / _bP85 |
||
| 100 |
_aPretel Leiva, Luis. _932460 |
||
| 245 |
_aMovimiento sindical en Chimbote : _b historia gráfica / |
||
| 260 |
_aChimbote : _bTalleres gráficos de cincos, _c1984. |
||
| 300 |
_a76 paginas ; _bIlustraciones, _c29 cm. |
||
| 505 | _aContenido : Historia gráfica | ||
| 650 |
_aChimbote _932461 |
||
| 650 |
_aMovimiento sindical _932462 |
||
| 650 |
_aHistoria _9136 |
||
| 650 |
_aPerú _935 |
||
| 942 |
_2ddc _cLIBROS |
||
| 945 |
_awnts _d2019-04-16 |
||